000 00618nam a2200229Ia 4500
003 OSt
005 20221005131356.0
006 a|||||r|||| 00| 0
007 ta
008 221004b |||||||| |||| 00| 0 eng d
024 _a42165
037 _cTextual
040 _aCRL
_cCRL
_beng
041 _2eng
_aeng
082 _aO121:1G65:1:9, B6
100 _aDante Alighieri
245 0 _aSketch of the Divine Commedia for beginners tr by Arabella Shore
260 _c1886
650 _aENGLISH LITERATURE
942 _hO121:1G65:1:9, B6
_cTEXL
_2cc
999 _c1060150
_d1060150